Universitäten in Hessen - Statistiken

Allgemein
  • Dieses Quiz wurde 164 mal gespielt
  • Das Durchschnittsergebnis liegt bei 5 aus 6
Antwortstatistiken
Name Gründung Studierende Stadt % Korrekt
Goethe-Universität 1914 ca. 42.000 Frankfurt
99%
Technische Universität 1877 ca. 24.000 Darmstadt
94%
Universität [Stadtname] 1978 ca. 22.000 Kassel
94%
Justus-Liebig-Universität 1607 ca. 26.000 Gießen
93%
Philipps-Universität 1527 ca. 22.000 Marburg
91%
EBS Universität fürWirtschaft und Recht 2011 ca. 2.000 Wiesbaden
78%
Keine übereinstimmenden Quizze gefunden
Verteilung der Resultate
Anzahl Personen mit jedem Resultat
Perzentil nach korrekt beantworteten Fragen
Ihre Resultats-Entwicklung
Sie haben dieses Quiz noch nicht gespielt